| 000 | 01041nam a2200205Ii 4500 | ||
|---|---|---|---|
| 003 | JO-AjNU | ||
| 008 | 230605s9999||||xx |||||||||||||| ||und|| | ||
| 040 |
_aJO-AjNU _bara _erda _cJO-AjNU |
||
| 041 | _aara | ||
| 050 | 1 | 4 | _aHD30.23 2012 |
| 100 | 3 |
_aاعداد آل ياسين، محمد محمد حسن, _eauthor _944836 |
|
| 245 | 0 | 0 | _aالمشاركة في اتخاذ القرار وعلاقتها بأبعاد الخطر وفاعلية القرار : دراسة استطلاعية لآراء عينة من القيادات الإدارية في القطاع الحكومي العراقي |
| 264 | 3 | 1 | _aالقاهرة: المنظمة العربية للتنمية الادارية، 2012 |
| 300 |
_a55ص _bيحتوي على ببلوغرافية من 33-55ص |
||
| 336 |
_atext _btxt _2rdacontent |
||
| 337 |
_aunmediated _bn _2rdamedia |
||
| 338 |
_avolume _bnc _2rdacarrier |
||
| 490 | 0 | _aاصدار خاص عن المجلة العربية للادارة | |
| 650 | 4 |
_aادارة الاعمال - الادارة التفيذية _944837 |
|
| 999 |
_aA19390 _c22958 _d22958 |
||